000 01622nam0a2200373 i 4500
001 RU\NLR\BIBL_A\010768894
005 20240921102015.0
010 _a9785905093371
_9500
021 _aRU
_b15-28872
035 _a(NILC)RuMoRGB-007912491
035 _a(NLR Aleph) 010768894
090 _a10013064
_c10013064
100 _a20150528d2013 km y0rusy50 ca
101 0 _arus
102 _aRU
105 _ay|||z|||000yy
200 1 _aОт поместья к экономии
_eдворянское хозяйство Пензенской губернии во второй половине ХIХ - начале ХХ века
_fР.В. Федосеев
210 _aСаранск
_cИздательский центр Историко-социологического института МГУ
_cиздатель В.С. Афанасьев
_d2013
215 _a144, [1] с.
_d20
320 _aБиблиогр.: с. 126-144
606 1 _aПредпринимательство
_xИстория
_yПензенская губерния
_92365492
_3RU\NLR\AUTH\661412247
606 1 _aЗемлевладение
_xИстория
_yПензенская губерния
_z19 - нач. 20 вв.
_92241436
_3RU\NLR\AUTH\6601576290
686 1 _aУ9(28)-13
686 1 _aУ03(2Р-4П)5
686 1 _aУ32(28)-13
686 1 _aТ3(2Р-4П)5-215
700 1 _aФедосеев
_bР. В.
_gРоман Васильевич
801 0 _aRU
_bРГБ
_c20150415
_gRCR
801 2 _aRU
_bРГБ
_c20150420
_grcr
801 1 _aRU
_bРГБ
_c20150415
_2rusmarc
942 _cBOOK
980 _aNBR